Statistics for Countries with Border Walls

Click here to take the quiz!

General Stats

  • This quiz has been taken 213 times
    (99 since last reset)
  • The average score is 34 of 54

Answer Stats

Total Length of Walls / FencesCountry% Correct
653 miles (1,050 km)United States
99%
27 miles (43 km)China
97%
653 miles (1,050 km)Mexico
96%
147 miles (237 km)Russia
91%
3,465 miles (5,576 km)India
88%
317 miles (510 km)Israel
88%
775 miles (1,247 km)Pakistan
88%
181 miles (291 km)North Korea
87%
154 miles (248 km)South Korea
86%
435 miles (700 km)Iran
83%
679 miles (1,093 km)Iraq
81%
2,284 miles (3,677 km)Bangladesh
80%
130 miles (209 km)Afghanistan
80%
2 miles (3 km)Egypt
79%
190 miles (306 km)Turkey
79%
1,177 miles (1,895 km)Myanmar
78%
25 miles (40 km)Algeria
76%
43 miles (69 km)Syria
74%
75 miles (121 km)Thailand
74%
606 miles (975 km)Saudi Arabia
73%
827 miles (1,330 km)Morocco
73%
28 miles (45 km)Kazakhstan
71%
227 miles (365 km)Yemen
69%
25 miles (40 km)Ukraine
68%
124 miles (200 km)Libya
68%
435 miles (700 km)Oman
67%
1,755 miles (2,824 km)Uzbekistan
66%
1,056 miles (1,700 km)Turkmenistan
62%
281 miles (452 km)Greece
62%
214 miles (345 km)South Africa
61%
255 miles (410 km)United Arab Emirates
60%
109 miles (175 km)Serbia
60%
541 miles (870 km)Kyrgyzstan
60%
120 miles (193 km)Kuwait
58%
124 miles (200 km)Tunisia
57%
12 miles (19 km)Spain
54%
19 miles (30 km)Bulgaria
54%
2 miles (3 km)Italy
53%
223 miles (359 km)Croatia
50%
134 miles (216 km)Hungary
49%
87 miles (141 km)Malaysia
48%
319 miles (513 km)Palestine
42%
199 miles (322 km)Slovenia
41%
153 miles (246 km)North Macedonia
40%
2 miles (4 km)Austria
37%
311 miles (500 km)Botswana
34%
450 miles (725 km)Zimbabwe
33%
75 miles (120 km)Mozambique
33%
122 miles (196 km)Norway
32%
12 miles (20 km)Brunei
29%
2 miles (3 km)Vatican City
27%
790 miles (1,271 km)Western Sahara
26%
112 miles (180 km)Cyprus
21%
112 miles (180 km)Northern Cyprus
9%

Score Distribution

Percentile by Number Answered

Percent of People with Each Score

Your Score History

You have not taken this quiz since the last reset